000 00609nam a2200229Ia 4500
003 OSt
005 20220923230618.0
006 a|||||r|||| 00| 0
007 ta
008 220922b |||||||| |||| 00| 0 pan d
024 _a284,227
037 _cTextual
040 _aARTS
_cARTS
_bpan
041 _2pan
_apan
082 _aQ1:24x, 153M5
100 _aਮਹਿਤਾ, ਹਰF, ਥਦ.
_9169076
245 0 _aਤਿੰਨ ਉਪਨਿFਦ
260 _c1985
650 _aਧਰਮ
942 _hQ1:24x, 153M5
_cTEXL
_2CC
999 _c386041
_d386041